Internal combustion engines and air pollution (Record no. 4453)

000 -LEADER
fixed length control field 00551nam a22001937a 4500
001 - CONTROL NUMBER
control field 4453
003 - CONTROL NUMBER IDENTIFIER
control field BD-DhUET
008 - FIXED-LENGTH DATA ELEMENTS--GENERAL INFORMATION
fixed length control field 141116b xxu||||| |||| 00| 0 eng d
020 ## - INTERNATIONAL STANDARD BOOK NUMBER
International Standard Book Number 0352045600
040 ## - CATALOGING SOURCE
Transcribing agency 0
Modifying agency BD-DhUET
082 ## - DEWEY DECIMAL CLASSIFICATION NUMBER
Classification number 621.43
Item number OBE/1973
100 ## - MAIN ENTRY--PERSONAL NAME
Personal name Obert, Edward F.
245 ## - TITLE STATEMENT
Title Internal combustion engines and air pollution
Remainder of title based on internal combustion engines
250 ## - EDITION STATEMENT
Edition statement 3rd ed.
260 ## - PUBLICATION, DISTRIBUTION, ETC. (IMPRINT)
Place of publication, distribution, etc. New York
Name of publisher, distributor, etc. Intext Educational Publishers
Date of publication, distribution, etc. 1973
300 ## - PHYSICAL DESCRIPTION
Extent xiii, 740 p.
Other physical details ill.
650 #0 - SUBJECT ADDED ENTRY--TOPICAL TERM
Topical term or geographic name as entry element Internal combustion engines
942 ## - ADDED ENTRY ELEMENTS (KOHA)
Koha item type General Book
Holdings
Damaged status Copy number Koha item type Source of classification or shelving scheme Koha date last borrowed Koha full call number Shelving location Lost status Not for loan Withdrawn status Piece designation (barcode) Koha normalized classification for sorting Date acquired Koha date last seen Sublocation or collection (holding branch) Koha issues (times borrowed) Price effective from Location (home branch)
  General Book 2014-11-16621.43/OBE/1973Circulation section   42113621_000000000000000_43OBE19732014-11-162015-10-12Central Library, BUET12014-11-16Central Library, BUET
 2General Book 2018-02-03621.43/OBE/1973Circulation section   42111621_430000000000000_OBE_19732015-04-132018-02-17Central Library, BUET32015-04-13Central Library, BUET
 3Reading Item  621.43/OBE/1973Reading section   42105621_430000000000000_OBE_19732015-06-162015-06-16Central Library, BUET 2015-06-16Central Library, BUET
 4Reading Item  621.43/OBE/1973Reading section   48959621_430000000000000_OBE_19732015-06-302015-06-30Central Library, BUET 2015-06-30Central Library, BUET
 5Reading Item  621.43/OBE/1973Reading section   42108621_430000000000000_OBE_19732015-07-022015-07-02Central Library, BUET 2015-07-02Central Library, BUET
 6Reading Item  621.43/OBE/1973Reading section   48939621_430000000000000_OBE_19732015-07-042015-07-04Central Library, BUET 2015-07-04Central Library, BUET